000
00413nam a22001097a 4500
082
_a
910
100
_a
बर्णमाल,महेश कुमार
_9
78621
245
_a
विश्व का भूगोल NCERT सार ( कक्षा VI-XII सहित)
260
_a
दिल्ली
_b
कोसमोस प्रकाशन
_c
2023
650
_a
भूगोल
_9
36415
942
_c
HIN
999
_c
66254
_d
66254